[Event "Groningen op 59th"]
[Site "Groningen"]
[Date "2023.12.28"]
[Round "7"]
[White "Albers, Sasa"]
[Black "Arnold, Rhys"]
[Result "1-0"]
[WhiteElo "2192"]
[BlackElo "2053"]
[PlyCount "145"]
[EventDate "2023.12.21"]
[EventType "swiss"]
[EventRounds "9"]
[EventCountry "NED"]
[SourceTitle "CB04_2024"]
[SourceDate "2023.10.16"]
[SourceVersion "1"]
[SourceVersionDate "2023.10.16"]
[SourceQuality "1"]

1. e4 c5 2. Nf3 Nc6 3. d4 cxd4 4. Nxd4 Nf6 5. Nc3 e5 6. Ndb5 d6 7. Bg5 a6 8. Na3 b5 9. Nd5 Be7 10. Bxf6 Bxf6 11. c4 b4 12. Nc2 0-0 13. g3 Bg5 14. h4 Bh6 15. g4 Bf4 16. Qf3 Be6 17. Be2 a5 18. Nxf4 exf4 19. Qxf4 a4 20. Rd1 b3 21. axb3 axb3 22. Ne3 Ne5 23. 0-0 Rc8 24. Rd4 Qxh4 25. Rfd1 g5 26. Qf6 Nd7 27. Qe7 Ne5 28. Qxd6 Nc6 29. Rd5 Rfd8 30. Qc5 Bxd5 31. Nf5 Qh3 32. Rxd5 Rxd5 33. exd5 Ra8 34. Ne3 Ne5 35. d6 Nf3+ 36. Bxf3 Qxf3 37. Qxg5+ Kh8 38. d7 Ra1+ 39. Nf1 Rxf1+ 40. Kxf1 Qd1+ 41. Kg2 Qxd7 42. f3 Qd4 43. Qc1 Qd3 44. Kg3 Qc2 45. Qh6 Kg8 46. Qg5+ Kf8 47. Qd8+ Kg7 48. Qd4+ Kg8 49. c5 Qc1 50. Qe5 h6 51. Qd4 Qe1+ 52. Kf4 Qe6 53. Qc3 Kh7 54. c6 Qd6+ 55. Ke3 Qe7+ 56. Kd2 Qg5+ 57. Ke2 Qe7+ 58. Qe3 Qc7 59. Qxb3 Qxc6 60. Qxf7+ Kh8 61. Qf8+ Kh7 62. Qe7+ Kg8 63. b4 Qc2+ 64. Ke3 Qc1+ 65. Kf2 Qh1 66. Qe8+ Kh7 67. Qd7+ Kg8 68. Qd5+ Kh7 69. b5 Qh2+ 70. Ke3 Qg1+ 71. Kf4 Qc1+ 72. Ke5 Kg6 73. Qg8# 1-0

[Event "Wch U14"]
[Site "Montesilvano"]
[Date "2023.11.22"]
[Round "9"]
[White "Nainys, Zanas1"]
[Black "Arnold, Rhys"]
[Result "1/2-1/2"]
[WhiteElo "1974"]
[BlackElo "2146"]
[PlyCount "96"]
[EventDate "2023.11.13"]
[EventType "swiss"]
[EventRounds "11"]
[EventCountry "ITA"]
[SourceTitle "CB48_2023"]
[SourceDate "2023.11.29"]
[SourceVersion "1"]
[SourceVersionDate "2023.11.29"]
[SourceQuality "1"]

1. c4 e6 2. Nf3 d5 3. e3 Nf6 4. b3 Be7 5. Bb2 0-0 6. Nc3 c5 7. cxd5 Nxd5 8. Nxd5 Qxd5 9. Bc4 Qd8 10. 0-0 Nc6 11. Qe2 Bf6 12. d4 cxd4 13. exd4 Ne7 14. Ne5 Bd7 15. f4 Bc6 16. Rad1 Bd5 17. Ng4 Nf5 18. Bd3 Kh8 19. Bb1 Rg8 20. Ne5 Bxe5 21. fxe5 a5 22. Bc1 a4 23. Rd3 g6 24. Rh3 axb3 25. axb3 Rc8 26. Qg4 Rxc1 27. Rxc1 Bc6 28. Re1 Qa5 29. Rf1 Qd2 30. Rd3 Qb2 31. Qg5 Ra8 32. Qd2 Qxd2 33. Rxd2 Ne3 34. Re1 Ra1 35. Rxe3 Rxb1+ 36. Kf2 Bd5 37. Rc3 b5 38. Rc7 Kg7 39. h3 Rxb3 40. Kg1 Rb1+ 41. Kh2 Rf1 42. Rb2 b4 43. Rc5 b3 44. Rxd5 exd5 45. Rxb3 Rd1 46. Rb4 Kh6 47. Kg3 Kg5 48. Kf3 Rd2 1/2-1/2

[Event "Hoogeveen op 26th"]
[Site "Hoogeveen"]
[Date "2023.10.23"]
[Round "3"]
[White "Slagboom, Leandro"]
[Black "Arnold, Rhys"]
[Result "1-0"]
[WhiteElo "2305"]
[BlackElo "2087"]
[PlyCount "151"]
[EventDate "2023.10.21"]
[EventType "swiss"]
[EventRounds "9"]
[EventCountry "NED"]
[SourceTitle "Mega2024 Update 01"]
[Source "Chessbase"]
[SourceDate "2023.11.12"]
[SourceVersion "1"]
[SourceVersionDate "2023.11.12"]
[SourceQuality "1"]

1. e4 c5 2. Nf3 Nc6 3. d4 cxd4 4. Nxd4 Nf6 5. Nc3 e5 6. Nde2 Bc5 7. Ng3 0-0 8. Bd3 d6 9. Na4 Bb4+ 10. c3 Ba5 11. 0-0 Bg4 12. f3 Be6 13. Qe2 a6 14. b4 Bc7 15. Rd1 a5 16. b5 Nb8 17. c4 Nbd7 18. Be3 b6 19. Nc3 Nc5 20. Bc2 Qe8 21. h3 Rc8 22. f4 Bb8 23. Rac1 exf4 24. Bxf4 Bxc4 25. Qf3 Qe6 26. Nd5 Nfd7 27. Nf5 Bxd5 28. Qg4 g6 29. exd5 Qe8 30. Bh6 Ne5 31. Qh4 f6 32. Bxf8 Qxf8 33. Nd4 Bc7 34. Nc6 Bd8 35. Qd4 Qh6 36. Rf1 Qg5 37. Rce1 Kg7 38. Kh1 Qh6 39. Re2 f5 40. Nxd8 Rxd8 41. Rxe5 dxe5 42. Qxe5+ Kg8 43. Qf6 Qf8 44. Qxb6 Rxd5 45. Qxa5 Qd6 46. b6 Kg7 47. Qa7+ Kh6 48. b7 Nd7 49. Qe3+ Kg7 50. Re1 Ne5 51. Rb1 Nd7 52. Ba4 Rd3 53. Qe2 Nb8 54. Rd1 Rxd1+ 55. Bxd1 g5 56. Bc2 Kf6 57. Qe8 h6 58. Bb3 f4 59. Qh8+ Ke7 60. Qc8 Qe5 61. Qg4 Kd6 62. Qf3 Kc7 63. Bd5 Na6 64. Qe4 Qd6 65. Qc4+ Kb6 66. a4 Qe7 67. Qc6+ Ka7 68. b8Q+ Nxb8 69. Qa8+ Kb6 70. Qxb8+ Kc5 71. Qb5+ Kd4 72. Qc4+ Ke3 73. a5 Kf2 74. Kh2 f3 75. Qd4+ Ke1 76. Bxf3 1-0

[Event "Amsterdam Science Park op-A"]
[Site "Amsterdam"]
[Date "2023.07.16"]
[Round "2"]
[White "Arnold, Rhys"]
[Black "Riemersma, Liafbern"]
[Result "0-1"]
[WhiteElo "2111"]
[BlackElo "2440"]
[PlyCount "72"]
[EventDate "2023.07.15"]
[EventType "swiss"]
[EventRounds "9"]
[EventCountry "NED"]
[SourceTitle "CBM 215 Extra"]
[Source "ChessBase"]
[SourceDate "2023.09.30"]
[SourceVersion "1"]
[SourceVersionDate "2023.09.30"]
[SourceQuality "1"]

1. e4 e5 2. Bc4 Nf6 3. d3 Nc6 4. Nc3 Na5 5. Bb3 Bb4 6. Nf3 d6 7. 0-0 Nxb3 8. axb3 h6 9. Ne2 c6 10. Ng3 Ba5 11. d4 exd4 12. Qxd4 Bb6 13. Qd3 0-0 14. Be3 d5 15. e5 Nd7 16. Bxb6 Qxb6 17. Rae1 Re8 18. Qd2 Nf8 19. Nh5 Bf5 20. Nf6+ gxf6 21. exf6 Kh7 22. Ng5+ Kg6 23. Nxf7 Kxf7 24. Qxh6 Ne6 25. Rxe6 Kxe6 26. Re1+ Be4 27. g4 Qb4 28. Re3 Qf8 29. Qh7 Kd6 30. Qxb7 Reb8 31. Qa6 Qxf6 32. f3 Qd4 33. Kf2 Rf8 34. Qa3+ Kd7 35. Ke2 Bxf3+ 36. Rxf3 Rae8+ 0-1

[Event "Hilversum op"]
[Site "Hilversum"]
[Date "2023.06.24"]
[Round "4"]
[White "Bakija, Alan"]
[Black "Arnold, Rhys"]
[Result "1-0"]
[WhiteElo "1994"]
[BlackElo "2142"]
[PlyCount "141"]
[EventDate "2023.06.23"]
[EventType "swiss"]
[EventRounds "6"]
[EventCountry "NED"]
[SourceTitle "CBM 214 Extra"]
[Source "ChessBase"]
[SourceDate "2023.07.31"]
[SourceVersion "1"]
[SourceVersionDate "2023.07.31"]
[SourceQuality "1"]

1. c4 c6 2. g3 d5 3. Nf3 Bg4 4. Ne5 Be6 5. d4 Nd7 6. Nd3 Ngf6 7. Bg2 dxc4 8. Nf4 Bd5 9. f3 e5 10. dxe5 Nxe5 11. 0-0 Bc5+ 12. Kh1 Qe7 13. Qc2 0-0 14. Bd2 Rad8 15. a4 Rfe8 16. Na3 c3 17. Bxc3 Bxa3 18. Bxe5 Bb4 19. Nd3 Nd7 20. Bf4 a5 21. e4 Be6 22. Be3 Bd6 23. f4 f5 24. e5 Bc7 25. Qf2 Bc4 26. Rfd1 Bb3 27. Rd2 Qe6 28. Nc1 Bc4 29. b3 Bd5 30. Bxd5 cxd5 31. Ne2 Nf8 32. Rc1 Rc8 33. Nd4 Qd7 34. Nb5 Ne6 35. Qg2 Red8 36. Rcd1 Qc6 37. Rxd5 Qe8 38. Qf3 Qc6 39. Rxd8+ Rxd8 40. Rxd8+ Bxd8 41. Qxc6 bxc6 42. Nd4 Nxd4 43. Bxd4 Kf7 44. Kg2 Ke6 45. Kf3 Kd5 46. Ke3 g6 47. h3 h5 48. Bc3 Bb6+ 49. Kf3 Bc7 50. g4 Bd8 51. gxf5 gxf5 52. Ke3 Bb6+ 53. Kd3 Bc7 54. Be1 Bd8 55. b4 axb4 56. Bxb4 c5 57. Be1 c4+ 58. Ke3 Bb6+ 59. Kf3 Bd4 60. a5 c3 61. Ke2 c2 62. Bd2 Bb2 63. a6 Kc6 64. e6 Ba3 65. Kd3 Kb6 66. Kxc2 Kxa6 67. Kb3 Be7 68. Bb4 Bf6 69. e7 Bxe7 70. Bxe7 Kb5 71. Bf8 1-0

[Event "Utrecht OKU op 48th"]
[Site "Utrecht"]
[Date "2023.05.19"]
[Round "2"]
[White "Lalic, Bogdan"]
[Black "Arnold, Rhys"]
[Result "1/2-1/2"]
[WhiteElo "2365"]
[BlackElo "2016"]
[PlyCount "94"]
[EventDate "2023.05.19"]
[EventType "swiss"]
[EventRounds "6"]
[EventCountry "NED"]
[SourceTitle "CBM 214 Extra"]
[Source "ChessBase"]
[SourceDate "2023.07.31"]
[SourceVersion "1"]
[SourceVersionDate "2023.07.31"]
[SourceQuality "1"]

1. d4 d5 2. c4 e6 3. Nc3 Nf6 4. cxd5 exd5 5. Bg5 c6 6. Qc2 h6 7. Bh4 Be7 8. e3 0-0 9. Bd3 Re8 10. Nge2 Nbd7 11. 0-0 a5 12. f3 b5 13. e4 dxe4 14. fxe4 Ng4 15. Bxe7 Qxe7 16. Rf3 b4 17. Na4 Ba6 18. Bxa6 Rxa6 19. Qc4 Raa8 20. Ng3 Nde5 21. dxe5 Nxe5 22. Qe2 Nxf3+ 23. gxf3 Rad8 24. Qe3 Qg5 25. f4 Qg4 26. Kf2 Rd1 27. h3 Qd7 28. Nc5 Qd2+ 29. Qxd2 Rxd2+ 30. Ke3 Rxb2 31. Ne2 Rc2 32. Nb3 a4 33. Nbd4 Rc5 34. Rb1 Rb8 35. e5 Rb6 36. Kd3 Ra5 37. Kc4 c5 38. Nf5 Kf8 39. Nd6 b3 40. a3 b2 41. Nc3 Rb3 42. Nxa4 Rf3 43. Nxb2 Rxf4+ 44. Kd5 Rxa3 45. Nbc4 Rd3+ 46. Kc6 g5 47. e6 Rxc4 1/2-1/2

[Event "NED-ch U14"]
[Site "Almelo"]
[Date "2023.05.06"]
[Round "9"]
[White "Zhu, Chenwu"]
[Black "Arnold, Rhys"]
[Result "1/2-1/2"]
[WhiteElo "2052"]
[BlackElo "2003"]
[PlyCount "59"]
[EventDate "2023.04.30"]
[EventType "swiss"]
[EventRounds "9"]
[EventCountry "NED"]
[SourceTitle "CBM 214 Extra"]
[Source "ChessBase"]
[SourceDate "2023.07.31"]
[SourceVersion "1"]
[SourceVersionDate "2023.07.31"]
[SourceQuality "1"]

1. e4 c5 2. Nf3 Nc6 3. d4 cxd4 4. Nxd4 Nf6 5. Nc3 e5 6. Ndb5 d6 7. Bg5 a6 8. Na3 b5 9. Nd5 Be7 10. Bxf6 Bxf6 11. c3 0-0 12. Nc2 Rb8 13. a4 bxa4 14. Nce3 Rxb2 15. Qxa4 Ne7 16. Bxa6 Nxd5 17. Nxd5 Be6 18. Bc4 Bxd5 19. Bxd5 Qb6 20. 0-0 Bg5 21. Qd7 Qd8 22. Qg4 Qf6 23. g3 Bd2 24. Ra7 g6 25. Rc7 h5 26. Qd1 Bh6 27. Kg2 Be3 28. Qf3 Qxf3+ 29. Kxf3 Bc5 30. h4 1/2-1/2

[Event "NED-ch U14"]
[Site "Almelo"]
[Date "2023.05.05"]
[Round "8"]
[White "Arnold, Rhys"]
[Black "Krylov, Philippe"]
[Result "1-0"]
[WhiteElo "2003"]
[BlackElo "1858"]
[PlyCount "49"]
[EventDate "2023.04.30"]
[EventType "swiss"]
[EventRounds "9"]
[EventCountry "NED"]
[SourceTitle "CBM 214 Extra"]
[Source "ChessBase"]
[SourceDate "2023.07.31"]
[SourceVersion "1"]
[SourceVersionDate "2023.07.31"]
[SourceQuality "1"]

1. e4 c6 2. Nc3 d5 3. Nf3 Nf6 4. e5 Ne4 5. Ne2 Qb6 6. d4 h6 7. c3 e6 8. Ng3 c5 9. Bd3 Nxg3 10. hxg3 Bd7 11. dxc5 Bxc5 12. Qe2 a6 13. b4 Be7 14. 0-0 Nc6 15. Bd2 0-0 16. g4 f6 17. exf6 Bxf6 18. g5 hxg5 19. Nxg5 Bxg5 20. Bxg5 e5 21. Qh5 Bf5 22. Be3 d4 23. Bc4+ Rf7 24. Qxf7+ Kh8 25. Qxf5 1-0

[Event "NED-ch U14"]
[Site "Almelo"]
[Date "2023.05.02"]
[Round "3"]
[White "Roolvink, William"]
[Black "Arnold, Rhys"]
[Result "0-1"]
[WhiteElo "1852"]
[BlackElo "2003"]
[PlyCount "124"]
[EventDate "2023.04.30"]
[EventType "swiss"]
[EventRounds "9"]
[EventCountry "NED"]
[SourceTitle "CBM 214 Extra"]
[Source "ChessBase"]
[SourceDate "2023.07.31"]
[SourceVersion "1"]
[SourceVersionDate "2023.07.31"]
[SourceQuality "1"]

1. e4 c5 2. Nc3 Nc6 3. Bb5 Nd4 4. Nf3 e6 5. 0-0 a6 6. Bd3 Nc6 7. Re1 g5 8. h3 h5 9. Nh2 Bd6 10. Bf1 g4 11. g3 h4 12. Qxg4 hxg3 13. fxg3 Nf6 14. Qf3 Nd4 15. Qd3 Qc7 16. Re3 Rg8 17. Ne2 Be5 18. Nxd4 Bxd4 19. g4 d5 20. e5 Qxe5 21. Nf3 Bxe3+ 22. dxe3 Qg3+ 23. Bg2 Bd7 24. b3 Bb5 25. c4 dxc4 26. bxc4 Rd8 27. Qc2 Bc6 28. Bb2 Bxf3 29. Bxf6 Bxg2 30. Qxg2 Qxe3+ 31. Qf2 Qxf2+ 32. Kxf2 Rd7 33. g5 Rd6 34. h4 Kd7 35. Ke3 e5 36. Rf1 b5 37. h5 bxc4 38. h6 Rxf6 39. Rxf6 Rxg5 40. Rxf7+ Ke6 41. Ra7 Rh5 42. Rxa6+ Kd5 43. a4 c3 44. Kd3 Rh3+ 45. Kc2 Kc4 46. Rb6 Rh2+ 47. Kc1 e4 48. a5 Rh1+ 49. Kc2 Rh2+ 50. Kc1 e3 51. a6 e2 52. Re6 Rh1+ 53. Kc2 e1Q 54. Rxe1 Rxe1 55. a7 Re8 56. h7 Kb4 57. Kc1 Kb3 58. Kd1 c2+ 59. Kd2 Kb2 60. a8Q Rxa8 61. h8Q+ Rxh8 62. Kd3 c1Q 0-1

[Event "Leiden Noteboom Memorial 82nd"]
[Site "Leiden"]
[Date "2023.02.24"]
[Round "1"]
[White "Pijpers, Arthur"]
[Black "Arnold, Rhys"]
[Result "1-0"]
[WhiteElo "2455"]
[BlackElo "2002"]
[PlyCount "41"]
[EventDate "2023.02.24"]
[EventType "swiss"]
[EventRounds "6"]
[EventCountry "NED"]
[SourceTitle "CBM 212 Extra"]
[Source "ChessBase"]
[SourceDate "2023.03.31"]
[SourceVersion "1"]
[SourceVersionDate "2023.03.31"]
[SourceQuality "1"]

1. e4 c5 2. Nf3 e6 3. d4 cxd4 4. Nxd4 Nf6 5. Nc3 Nc6 6. Be2 Bb4 7. 0-0 Bxc3 8. bxc3 Nxe4 9. Nxc6 bxc6 10. Qd4 Nf6 11. Ba3 d5 12. Rab1 Nd7 13. Qxg7 Qf6 14. Qg3 Qe5 15. Qh4 Qf6 16. Qa4 e5 17. c4 Qe6 18. cxd5 cxd5 19. c4 d4 20. Bf3 e4 21. Bxe4 1-0

[Event "Hoorn Oscar Romero op"]
[Site "Hoorn"]
[Date "2022.08.28"]
[Round "5"]
[White "Arnold, Rhys"]
[Black "Monteban, Martijn"]
[Result "0-1"]
[WhiteElo "1836"]
[BlackElo "2334"]
[PlyCount "106"]
[EventDate "2022.08.26"]
[EventType "swiss"]
[EventRounds "6"]
[EventCountry "NED"]
[SourceTitle "EXT 2023"]
[Source "ChessBase"]
[SourceDate "2022.10.05"]
[SourceVersion "1"]
[SourceVersionDate "2022.10.05"]
[SourceQuality "1"]

1. e4 e5 2. Nf3 Nf6 3. Nxe5 d6 4. Nf3 Nxe4 5. Nc3 Nxc3 6. dxc3 Be7 7. Bd3 Nc6 8. 0-0 0-0 9. h3 Bf6 10. Nd4 Ne5 11. Bf5 Bxf5 12. Nxf5 Qd7 13. Ne3 Ng6 14. Qg4 Qc6 15. Qc4 Qxc4 16. Nxc4 Rfe8 17. Be3 d5 18. Nd2 Rad8 19. Nf3 b6 20. Rfe1 c5 21. Bg5 Bxg5 22. Nxg5 f6 23. Nf3 Ne5 24. Nxe5 fxe5 25. Rad1 Kf7 26. b3 Kf6 27. f3 g5 28. Kf2 h5 29. Re2 h4 30. Red2 Ke6 31. c4 d4 32. Re1 Kf5 33. Re4 a6 34. a4 Rb8 35. c3 dxc3 36. Rc2 Rbd8 37. Rxc3 Rd2+ 38. Re2 Red8 39. Rce3 Rxe2+ 40. Kxe2 Rd4 41. Rc3 Kf4 42. Rc2 e4 43. fxe4 Rxe4+ 44. Kf2 Re3 45. Rb2 Rc3 46. Ke2 Ke4 47. Kf2 a5 48. Re2+ Kf4 49. Rb2 Rc1 50. Ra2 Rb1 51. Ra3 Rb2+ 52. Kf1 Ke4 53. Kg1 Kd4 0-1

[Event "Vlissingen HZ op 24th"]
[Site "Vlissingen"]
[Date "2022.08.07"]
[Round "2"]
[White "Arnold, Rhys"]
[Black "Boelhouwer, Collin"]
[Result "0-1"]
[WhiteElo "1777"]
[BlackElo "2151"]
[PlyCount "104"]
[EventDate "2022.08.06"]
[EventType "swiss"]
[EventRounds "9"]
[EventCountry "NED"]
[SourceTitle "CBM 209 Extra"]
[Source "ChessBase"]
[SourceDate "2022.09.30"]
[SourceVersion "1"]
[SourceVersionDate "2022.09.30"]
[SourceQuality "1"]

1. e4 c5 2. Nc3 Nc6 3. f4 g6 4. Nf3 Bg7 5. a4 e6 6. e5 d6 7. Bb5 Nge7 8. Ne4 dxe5 9. fxe5 0-0 10. Nf6+ Kh8 11. Bxc6 Nxc6 12. d4 cxd4 13. Qe2 Nxe5 14. Nxe5 Qxf6 15. Nd3 e5 16. Rf1 Qh4+ 17. g3 Qg4 18. Qxg4 Bxg4 19. Bd2 Kg8 20. Nf2 Bf3 21. c3 Rfe8 22. Nd3 e4 23. Nc5 b6 24. Nb7 dxc3 25. Bxc3 Bxc3+ 26. bxc3 Rac8 27. Rc1 Bg4 28. Rf4 Bd7 29. a5 bxa5 30. Nxa5 Re5 31. Nb7 f5 32. Rd1 Bb5 33. Nd6 Rxc3 34. Nxb5 Rxb5 35. Rd8+ Kg7 36. Rd7+ Kf6 37. Rxa7 Rb2 38. Rd7 Rxh2 39. Rf2 Rh1+ 40. Ke2 Rxg3 41. Ra7 h5 42. Ra6+ Kg5 43. Rb6 h4 44. Rf1 Rxf1 45. Kxf1 h3 46. Kf2 Kf4 47. Rb1 Ra3 48. Kg1 g5 49. Rf1+ Kg3 50. Kh1 e3 51. Rf2 Ra1+ 52. Rf1 Rxf1# 0-1

[Event "Utrecht Keres Memorial"]
[Site "Utrecht"]
[Date "2022.05.27"]
[Round "3"]
[White "Wagenvoorde, Guido"]
[Black "Arnold, Rhys"]
[Result "1-0"]
[WhiteElo "2090"]
[BlackElo "1763"]
[PlyCount "63"]
[EventDate "2022.05.27"]
[EventType "swiss"]
[EventRounds "6"]
[EventCountry "NED"]
[SourceTitle "CBM 208 Extra"]
[Source "ChessBase"]
[SourceDate "2022.07.31"]
[SourceVersion "1"]
[SourceVersionDate "2022.07.31"]
[SourceQuality "1"]

1. d4 d5 2. c4 c6 3. Nf3 Nf6 4. Nc3 e6 5. e3 Nbd7 6. Qc2 Bd6 7. g4 h6 8. Rg1 e5 9. cxd5 cxd5 10. Nb5 Bb8 11. g5 hxg5 12. Nxg5 e4 13. Bd2 Nb6 14. Rc1 Bd7 15. Bb4 Bc6 16. Qc5 Na4 17. Qc2 Nb6 18. a4 a6 19. Nc3 Bd6 20. Bc5 a5 21. Nb5 Bxc5 22. dxc5 Nc8 23. Qc3 Kf8 24. Rd1 Bxb5 25. axb5 Qc7 26. Bh3 Ne7 27. Ke2 Ng6 28. Be6 Ne5 29. Bxf7 Qb8 30. c6 bxc6 31. Qc5+ Qd6 32. Qxd6# 1-0

[Event "NED-ch U14"]
[Site "Almelo"]
[Date "2022.05.07"]
[Round "9"]
[White "Arnold, Rhys"]
[Black "Van Arendonk, Polle"]
[Result "1-0"]
[WhiteElo "1846"]
[BlackElo "1784"]
[PlyCount "131"]
[EventDate "2022.05.01"]
[EventType "swiss"]
[EventRounds "9"]
[EventCountry "NED"]
[SourceTitle "EXT 2023"]
[Source "ChessBase"]
[SourceDate "2022.10.05"]
[SourceVersion "1"]
[SourceVersionDate "2022.10.05"]
[SourceQuality "1"]

1. e4 e6 2. d4 d5 3. Nc3 dxe4 4. Nxe4 Nd7 5. Nf3 Ngf6 6. Nxf6+ Nxf6 7. Bd3 c5 8. Be3 Qc7 9. c3 Be7 10. dxc5 0-0 11. b4 e5 12. Qc2 h6 13. 0-0 Ng4 14. Bd2 f5 15. h3 e4 16. hxg4 exd3 17. Qxd3 fxg4 18. Nd4 Bd7 19. g3 Bf6 20. Bf4 Qc8 21. Rfe1 Bxd4 22. Qxd4 Bc6 23. Re7 Rf7 24. Qc4 Qf5 25. Re5 Qc2 26. Rae1 Rd8 27. b5 Bf3 28. c6 bxc6 29. bxc6 Qg6 30. c7 Rc8 31. Re7 Qh5 32. Qxf7+ Qxf7 33. Rxf7 Kxf7 34. Bd6 Bb7 35. Rb1 Ba6 36. Rb4 Ke6 37. Ra4 Bb5 38. Rd4 Ba6 39. a4 Bb7 40. c4 h5 41. c5 g6 42. Kf1 Kd7 43. Ke1 Re8+ 44. Kd2 Kc6 45. Bf4 Rc8 46. Rb4 Ba6 47. Bd6 Re8 48. Rb8 Rc8 49. Ke3 Kd5 50. Kf4 Ke6 51. Kg5 Kf7 52. Rb4 Bd3 53. Rf4+ Bf5 54. Rxf5+ gxf5 55. Kxf5 Re8 56. c6 a5 57. Bf4 Rc8 58. Ke5 Ke7 59. Kd5 Ra8 60. Kc5 Ke6 61. Kb6 Kd5 62. Kb7 Re8 63. c8Q Rxc8 64. Kxc8 Kxc6 65. Kd8 Kd5 66. Bd2 1-0

[Event "NED-ch U14"]
[Site "Almelo"]
[Date "2022.05.03"]
[Round "4"]
[White "De Winter, Arthur"]
[Black "Arnold, Rhys"]
[Result "1/2-1/2"]
[WhiteElo "2138"]
[BlackElo "1846"]
[PlyCount "64"]
[EventDate "2022.05.01"]
[EventType "swiss"]
[EventRounds "9"]
[EventCountry "NED"]
[SourceTitle "EXT 2023"]
[Source "ChessBase"]
[SourceDate "2022.10.05"]
[SourceVersion "1"]
[SourceVersionDate "2022.10.05"]
[SourceQuality "1"]

1. e4 c5 2. Nf3 e6 3. d4 cxd4 4. Nxd4 Nf6 5. Nc3 Nc6 6. Ndb5 Bb4 7. a3 Bxc3+ 8. Nxc3 d5 9. exd5 exd5 10. Bd3 0-0 11. 0-0 d4 12. Ne4 Bf5 13. Ng3 Bxd3 14. Qxd3 Re8 15. Bg5 h6 16. Bf4 Nd5 17. Bd2 Qd7 18. Rfe1 Rxe1+ 19. Rxe1 Re8 20. Rxe8+ Qxe8 21. Nf5 Qe5 22. g3 Nde7 23. Nxe7+ Qxe7 24. Qf5 a6 25. h4 g6 26. Qd5 h5 27. Kf1 Qe5 28. Qf3 Qe6 29. Kg2 Kg7 30. Bg5 b5 31. Qf4 Qd5+ 32. Kg1 Qe6 1/2-1/2

[Event "NED-ch U14"]
[Site "Almelo"]
[Date "2021.08.03"]
[Round "4"]
[White "Arnold, Rhys"]
[Black "Kurt, Sascha"]
[Result "1-0"]
[WhiteElo "1748"]
[BlackElo "1650"]
[PlyCount "96"]
[EventDate "2021.08.01"]
[EventType "swiss"]
[EventRounds "9"]
[EventCountry "NED"]
[SourceTitle "EXT 2022"]
[Source "ChessBase"]
[SourceDate "2021.10.06"]
[SourceVersion "1"]
[SourceVersionDate "2021.10.06"]
[SourceQuality "1"]

1. e4 e5 2. d4 exd4 3. c3 dxc3 4. Nxc3 Bc5 5. Bc4 d6 6. Nf3 Nc6 7. 0-0 Be6 8. Bxe6 fxe6 9. Qb3 Qc8 10. Be3 Bb6 11. Ng5 Ke7 12. Bxb6 axb6 13. f4 h6 14. Nf3 Na5 15. Qc2 h5 16. e5 d5 17. f5 Nh6 18. fxe6 Qxe6 19. Rad1 Rad8 20. Nd4 Qg4 21. b4 Nc4 22. Nxd5+ Rxd5 23. Qxc4 Rhd8 24. Nf5+ Nxf5 25. Qxg4 hxg4 26. Rxd5 Rxd5 27. Rxf5 Ke6 28. Rg5 Rxe5 29. Rxg7 Kd6 30. Rxg4 Re1+ 31. Kf2 Ra1 32. h4 Rxa2+ 33. Kg3 c5 34. h5 Ra1 35. h6 Ra8 36. Kh4 Rh8 37. Kh5 cxb4 38. Rxb4 Kc5 39. Rb1 Kd6 40. Rxb6+ Ke5 41. g4 Ra8 42. g5 Rf8 43. h7 Ra8 44. Rxb7 Ke6 45. Kg6 Rf8 46. Kg7 Rf5 47. g6 Ra5 48. h8Q Kd5 1-0

[Event "Paleochora op 13th"]
[Site "Paleochora"]
[Date "2020.07.19"]
[Round "3"]
[White "Kosmas Lekkas, Dimitrios"]
[Black "Arnold, Rhys"]
[Result "1-0"]
[WhiteElo "2183"]
[BlackElo "1762"]
[PlyCount "93"]
[EventDate "2020.07.18"]
[EventType "swiss"]
[EventRounds "9"]
[EventCountry "GRE"]
[SourceTitle "EXT 2021"]
[Source "ChessBase"]
[SourceDate "2020.10.23"]
[SourceVersion "1"]
[SourceVersionDate "2020.10.23"]
[SourceQuality "1"]

1. c4 Nf6 2. g3 g6 3. Bg2 Bg7 4. Nc3 0-0 5. e4 e5 6. Nge2 d6 7. 0-0 Be6 8. d3 c6 9. a3 Qd7 10. b4 Bh3 11. Bb2 Bxg2 12. Kxg2 d5 13. Qc2 b6 14. Rad1 h5 15. cxd5 cxd5 16. d4 exd4 17. Rxd4 Nc6 18. Rd2 h4 19. Nxd5 h3+ 20. Kg1 Nxd5 21. Rxd5 Qb7 22. Bxg7 Kxg7 23. Rfd1 Rad8 24. Qc3+ Kg8 25. Nf4 Rxd5 26. Nxd5 Kh7 27. Nf6+ Kh6 28. Ng4+ Kh7 29. Qc1 f6 30. Rd6 Ne7 31. Qh6+ Kg8 32. Nxf6+ Rxf6 33. Rxf6 Qc8 34. f3 a5 35. Rxg6+ Nxg6 36. Qxg6+ Kh8 37. Qh5+ Kg7 38. Qg4+ Qxg4 39. fxg4 Kf6 40. Kf2 Kf7 41. bxa5 bxa5 42. Ke3 Kf6 43. Kf4 Kg6 44. g5 Kh5 45. e5 Kg6 46. a4 Kf7 47. Kf5 1-0

[Event "Paleochora op 13th"]
[Site "Paleochora"]
[Date "2020.07.18"]
[Round "1"]
[White "Wieczorek, Oskar"]
[Black "Arnold, Rhys"]
[Result "1-0"]
[WhiteElo "2500"]
[BlackElo "1762"]
[PlyCount "52"]
[EventDate "2020.07.18"]
[EventType "swiss"]
[EventRounds "9"]
[EventCountry "GRE"]
[SourceTitle "EXT 2021"]
[Source "ChessBase"]
[SourceDate "2020.10.23"]
[SourceVersion "1"]
[SourceVersionDate "2020.10.23"]
[SourceQuality "1"]

1. e4 c5 2. Nc3 Nc6 3. Nge2 d6 4. g3 g6 5. d4 cxd4 6. Nxd4 Bg7 7. Nde2 Nf6 8. Bg2 a6 9. 0-0 0-0 10. h3 Bd7 11. a4 h5 12. Bg5 a5 13. Kh2 Nb4 14. Qd2 Kh7 15. Rad1 Bc6 16. Nd4 Rc8 17. Rfe1 Ng8 18. Nxc6 bxc6 19. f4 f6 20. Bh4 Nh6 21. Ne2 c5 22. Nc3 Rb8 23. Qe2 Qc8 24. Bf3 Rh8 25. g4 hxg4 26. hxg4 Qc6 1-0

[Event "Groningen op-B 57th"]
[Site "Groningen"]
[Date "2019.12.28"]
[Round "7"]
[White "Klein, Jorik"]
[Black "Arnold, Rhys"]
[Result "1/2-1/2"]
[WhiteElo "1859"]
[BlackElo "1668"]
[PlyCount "38"]
[EventDate "2019.12.21"]
[EventType "swiss"]
[EventRounds "9"]
[EventCountry "NED"]
[SourceTitle "CBM 194 Extra"]
[Source "ChessBase"]
[SourceDate "2020.03.31"]
[SourceVersion "1"]
[SourceVersionDate "2020.03.31"]
[SourceQuality "1"]

1. e4 c5 2. Nf3 Nc6 3. d4 cxd4 4. Nxd4 e5 5. Nb5 d6 6. N1c3 a6 7. Na3 Be6 8. Nd5 Nf6 9. Nxf6+ Qxf6 10. Bd3 Rd8 11. c4 Be7 12. Nc2 0-0 13. 0-0 Rc8 14. Ne3 Bd8 15. Nd5 Bxd5 16. cxd5 Ne7 17. Qg4 Qg6 18. Qxg6 Nxg6 19. Be3 Nf4 1/2-1/2